000 00564nam a2200121Ia 4500
008 220620s9999||||xx |||||||||||||| ||und||
245 0 _aNewcomers as Agents for Social Change: Learning from the Italian Experience
_bA Recourse Book for Social Work and Social Work Education in the Field of Migration
546 _aEnglish[eng]
650 _aSocial work, migration, refugees, social work education, Italian borders
700 _aReich, Hannah||Di Rosa, Roberta T.
856 _uhttps://library.oapen.org/bitstream/20.500.12657/53628/1/9788835134329.pdf
942 _cEB
999 _c33033
_d33033